000
00316nam a2200133Ia 4500
008
240624s9999 xx 000 0 und d
041
_a
eng
082
_a
658.4092 ELL
100
_a
ELLIOT JAY
245
_a
STEVE JOBS WAY
260
_c
2011
_a
Mumbai
_b
Jaico Publishing House
300
_a
256 : p.
365
_c
RS
_b
25
999
_c
18177
_d
18177